000 00686nam a2200217Ia 4500
008 191130s2004##################000#0#eng##
020 _a9788176495134
022 _a97065867
040 _aACL
_cACL
082 _a650.01513 TRU
100 _aTruchon, Richard P
245 _aBasic business math : a life-skills approach
_cRichard P. Truchon
250 _aRev. ed
260 _aNew Delhi
_bViva Books Private Limited
_c2004
300 _avii, 144 p. : ill. ; 23 cm.
500 _aRev. ed. of: Basic business mathematics. c1990
650 _aBusiness mathematics - Problems, exercises, etc
990 _ad6ed5af1ac10000c523d783f8eab4763
991 _a435429
999 _c377783
_d377783